Spain : Report on the Observance of Standards and Codes-Fiscal Transparency Module.

This report examines the Observance of Standards and Codes on Fiscal Transparency for Spain. The assessment reveals that over the last several years, Spain has made major progress not only in macroeconomic and fiscal adjustment, but also in modernizing and strengthening its fiscal institutions and i...

Ausführliche Beschreibung

Bibliographische Detailangaben
Körperschaft: International Monetary Fund
Format: Zeitschrift
Sprache:English
Veröffentlicht: Washington, D.C. : International Monetary Fund, 2005.
Schriftenreihe:IMF Staff Country Reports; Country Report ; No. 2005/058
Online Zugang:Full text available on IMF
LEADER 01646cas a2200241 a 4500
001 AALejournalIMF008774
008 230101c9999 xx r poo 0 0eng d
020 |c 5.00 USD 
020 |z 9781451812121 
022 |a 1934-7685 
040 |a BD-DhAAL  |c BD-DhAAL 
110 2 |a International Monetary Fund. 
245 1 0 |a Spain :   |b Report on the Observance of Standards and Codes-Fiscal Transparency Module. 
264 1 |a Washington, D.C. :  |b International Monetary Fund,  |c 2005. 
300 |a 1 online resource (43 pages) 
490 1 |a IMF Staff Country Reports 
500 |a <strong>Off-Campus Access:</strong> No User ID or Password Required 
500 |a <strong>On-Campus Access:</strong> No User ID or Password Required 
506 |a Electronic access restricted to authorized BRAC University faculty, staff and students 
520 3 |a This report examines the Observance of Standards and Codes on Fiscal Transparency for Spain. The assessment reveals that over the last several years, Spain has made major progress not only in macroeconomic and fiscal adjustment, but also in modernizing and strengthening its fiscal institutions and in disseminating information about the government's operations. As a result, it now fully meets or exceeds the IMF Code of Good Practices on Fiscal Transparency standards in many areas. There remain, nevertheless, certain aspects in which further progress would be desirable. 
538 |a Mode of access: Internet 
830 0 |a IMF Staff Country Reports; Country Report ;  |v No. 2005/058 
856 4 0 |z Full text available on IMF  |u http://elibrary.imf.org/view/journals/002/2005/058/002.2005.issue-058-en.xml  |z IMF e-Library